[Event "Kostroma Volga Cup op"]
[Site "Kostroma"]
[Date "2009.07.??"]
[Round "2"]
[White "Bochkov, Artem"]
[Black "Chuprikov, Dmitry"]
[Result "1-0"]
[WhiteElo "2018"]
[BlackElo "2409"]
[PlyCount "41"]
[EventDate "2009.07.03"]
[EventType "swiss"]
[EventRounds "9"]
[EventCountry "RUS"]
[SourceTitle "EXT 2021"]
[Source "ChessBase"]
[SourceDate "2020.10.23"]
[SourceVersion "1"]
[SourceVersionDate "2020.10.23"]
[SourceQuality "1"]

1. e4 Nf6 2. e5 Nd5 3. d4 d6 4. c4 Nb6 5. exd6 exd6 6. Be3 Be7 7. Nf3 0-0 8. Nc3 Bg4 9. Be2 Nc6 10. b3 Re8 11. 0-0 Bf6 12. Re1 d5 13. c5 Nc8 14. h3 Bh5 15. a3 N8e7 16. g4 Qd7 17. gxh5 Qxh3 18. Nh2 h6 19. Bg4 Qh4 20. Kh1 Rad8 21. f4 1-0

[Event "Kostroma Volga Cup op"]
[Site "Kostroma"]
[Date "2009.07.??"]
[Round "7"]
[White "Bochkov, Artem"]
[Black "Mirzanurov, Bulat"]
[Result "1/2-1/2"]
[WhiteElo "2018"]
[BlackElo "2312"]
[PlyCount "55"]
[EventDate "2009.07.03"]
[EventType "swiss"]
[EventRounds "9"]
[EventCountry "RUS"]
[SourceTitle "EXT 2021"]
[Source "ChessBase"]
[SourceDate "2020.10.23"]
[SourceVersion "1"]
[SourceVersionDate "2020.10.23"]
[SourceQuality "1"]

1. e4 c5 2. Nf3 e6 3. c3 d5 4. e5 Nc6 5. d4 Qb6 6. a3 c4 7. Be2 Bd7 8. 0-0 f6 9. exf6 gxf6 10. Nbd2 Na5 11. Rb1 0-0-0 12. Qe1 Bd6 13. b4 Nc6 14. a4 Nge7 15. Ra1 Ng6 16. Bxc4 dxc4 17. Nxc4 Qc7 18. Ba3 Be7 19. a5 Nb8 20. Nfd2 Nf4 21. Rb1 Bb5 22. Ne3 Bxf1 23. Qxf1 Rhg8 24. Ndc4 Nxg2 25. Nxg2 Rg6 26. f3 Rdg8 27. Rb2 Rh6 28. f4 1/2-1/2

[Event "RUS-ch U16"]
[Site "Dagomys"]
[Date "2009.04.23"]
[Round "9"]
[White "Bochkov, Artem"]
[Black "Musaev, Rasul"]
[Result "0-1"]
[WhiteElo "2003"]
[BlackElo "2082"]
[PlyCount "82"]
[EventDate "2009.04.15"]
[EventType "swiss"]
[EventRounds "9"]
[EventCountry "RUS"]
[SourceTitle "CBM 130 Extra"]
[Source "ChessBase"]
[SourceDate "2009.07.02"]
[SourceVersion "2"]
[SourceVersionDate "2009.07.15"]
[SourceQuality "1"]

1. e4 c5 2. Nf3 Nc6 3. Bb5 g6 4. 0-0 Bg7 5. c3 Nf6 6. Re1 0-0 7. d4 cxd4 8. cxd4 d5 9. e5 Ne4 10. Nc3 Nxc3 11. bxc3 Na5 12. Bg5 h6 13. Bf4 Bd7 14. Bd3 Rc8 15. Qd2 Kh7 16. h4 Nc4 17. Qc2 e6 18. g3 Na3 19. Qe2 Rxc3 20. Bd2 Rxd3 21. Qxd3 Nc4 22. Bb4 Rg8 23. Nd2 a5 24. Bc3 b5 25. a3 Bc6 26. Nxc4 dxc4 27. Qe3 Bf8 28. Reb1 g5 29. hxg5 Rxg5 30. Be1 Rf5 31. Ra2 Qd5 32. Kf1 Rf3 33. Qe2 Rd3 34. f3 Rxf3+ 35. Kg1 Rd3 36. Qh5 Rf3 37. Rd1 Rf5 38. Qh3 Qf3 39. Rf2 Qxd1 40. Rxf5 exf5 41. Qxf5+ Kg8 0-1

[Event "RUS-ch U16"]
[Site "Dagomys"]
[Date "2009.04.20"]
[Round "6"]
[White "Bochkov, Artem"]
[Black "Bublei, Pavel"]
[Result "1/2-1/2"]
[WhiteElo "2003"]
[BlackElo "2207"]
[PlyCount "80"]
[EventDate "2009.04.15"]
[EventType "swiss"]
[EventRounds "9"]
[EventCountry "RUS"]
[SourceTitle "CBM 130 Extra"]
[Source "ChessBase"]
[SourceDate "2009.07.02"]
[SourceVersion "2"]
[SourceVersionDate "2009.07.15"]
[SourceQuality "1"]

1. e4 c6 2. d4 d5 3. e5 Bf5 4. Nc3 e6 5. g4 Bg6 6. Nge2 c5 7. h4 Nc6 8. h5 Be4 9. Rh3 Qb6 10. Be3 cxd4 11. Nxd4 Qxb2 12. Nxe4 dxe4 13. Nxc6 Qc3+ 14. Bd2 Qxc6 15. Rb1 0-0-0 16. Rc3 Qxc3 17. Bxc3 Rxd1+ 18. Rxd1 Bc5 19. Bd4 Bxd4 20. Rxd4 Ne7 21. Bg2 g6 22. hxg6 hxg6 23. Bxe4 Kc7 24. Rc4+ Nc6 25. Bxc6 bxc6 26. Rf4 Rh7 27. Kd2 c5 28. Kc3 Kc6 29. Kc4 a6 30. a3 g5 31. Rf6 Rh4 32. f3 Rh7 33. c3 Kb6 34. a4 a5 35. Kd3 Kc6 36. Ke4 Kd7 37. Kd3 Kc6 38. Ke4 Kd7 39. Kd3 Kc6 40. Ke4 Kd7 1/2-1/2

[Event "RUS-ch U16"]
[Site "Dagomys"]
[Date "2009.04.15"]
[Round "1"]
[White "Bochkov, Artem"]
[Black "Toropov, Pavel"]
[Result "0-1"]
[WhiteElo "2003"]
[BlackElo "2176"]
[PlyCount "89"]
[EventDate "2009.04.15"]
[EventType "swiss"]
[EventRounds "9"]
[EventCountry "RUS"]
[SourceTitle "CBM 130 Extra"]
[Source "ChessBase"]
[SourceDate "2009.07.02"]
[SourceVersion "2"]
[SourceVersionDate "2009.07.15"]
[SourceQuality "1"]

1. e4 c5 2. Nf3 Nc6 3. d4 cxd4 4. Nxd4 Qb6 5. Nb3 Nf6 6. Nc3 e6 7. Qe2 d6 8. g4 Be7 9. Be3 Qc7 10. g5 Nd7 11. Nb5 Qb8 12. 0-0-0 a6 13. N5d4 0-0 14. h4 Qc7 15. f4 Nc5 16. Nxc5 dxc5 17. Nb3 b6 18. Kb1 a5 19. a4 Nb4 20. c3 Ba6 21. Qg2 Bxf1 22. Rhxf1 Qc6 23. Nc1 Na6 24. Qc2 b5 25. axb5 Qxb5 26. f5 Rfb8 27. Bf4 Rb7 28. f6 Bf8 29. Be5 c4 30. Qh2 a4 31. fxg7 Bxg7 32. Bxg7 Kxg7 33. Rf2 Rab8 34. h5 a3 35. h6+ Kg8 36. Rdd2 Qa5 37. Qd6 axb2 38. Rxb2 Qxc3 39. Qh2 Rxb2+ 40. Rxb2 Rxb2+ 41. Qxb2 Qxb2+ 42. Kxb2 Nc5 43. e5 Ne4 44. Ne2 Nxg5 45. Nd4 0-1

[Event "RUS-chT Clubs U18"]
[Site "Rybinsk"]
[Date "2008.08.10"]
[Round "9.43"]
[White "Sergienko, Anton"]
[Black "Bochkov, Artem"]
[Result "1/2-1/2"]
[WhiteElo "1902"]
[BlackElo "1969"]
[PlyCount "94"]
[EventDate "2008.08.02"]
[EventType "team"]
[EventRounds "9"]
[EventCountry "RUS"]
[SourceTitle "EXT 2020"]
[Source "ChessBase"]
[SourceDate "2019.10.17"]
[SourceVersion "1"]
[SourceVersionDate "2019.10.17"]
[SourceQuality "1"]

1. d4 Nf6 2. c4 g6 3. g3 Bg7 4. Bg2 0-0 5. Nc3 d6 6. Nf3 c6 7. 0-0 Nbd7 8. e4 e5 9. h3 exd4 10. Nxd4 Qb6 11. Nf3 Nc5 12. Qc2 Re8 13. Re1 Nfd7 14. Rb1 a5 15. Bf4 Qb4 16. Nd2 Ne5 17. Bxe5 Bxe5 18. Kh2 a4 19. a3 Qa5 20. f4 Bg7 21. Rbd1 f5 22. Re2 Bxc3 23. Qxc3 Qxc3 24. bxc3 Kf7 25. Re3 fxe4 26. Nxe4 Nxe4 27. Rxe4 Rxe4 28. Bxe4 Ke7 29. Re1 Kf6 30. Rd1 Ke7 31. Re1 Kd8 32. g4 Ra5 33. Bd3 Rc5 34. Re4 b5 35. Rd4 Kc7 36. Bf1 Be6 37. cxb5 cxb5 38. Rb4 Kc6 39. Kg1 Rxc3 40. Bxb5+ Kc5 41. Kh2 Rxa3 42. Rxa4 Rb3 43. Bf1 d5 44. Ra6 Re3 45. Ra5+ Kb4 46. Rb5+ Kc3 47. f5 gxf5 1/2-1/2

[Event "RUS-chT Clubs U18"]
[Site "Rybinsk"]
[Date "2008.08.02"]
[Round "1"]
[White "Bochkov, Artem"]
[Black "Kezin, Roman"]
[Result "1/2-1/2"]
[WhiteElo "1969"]
[BlackElo "2235"]
[PlyCount "134"]
[EventDate "2008.08.02"]
[EventType "team"]
[EventRounds "9"]
[EventCountry "RUS"]
[SourceTitle "CBM 125 Extra"]
[Source "ChessBase"]
[SourceDate "2008.09.01"]
[SourceVersion "1"]
[SourceVersionDate "2008.09.01"]
[SourceQuality "1"]

1. e4 c5 2. Nf3 e6 3. d4 cxd4 4. Nxd4 Nc6 5. Nc3 Qc7 6. Be2 a6 7. 0-0 Nf6 8. Be3 Bb4 9. Na4 Be7 10. Nxc6 bxc6 11. Nb6 Rb8 12. Nxc8 Qxc8 13. Bd4 c5 14. Be5 Rb6 15. Qd3 0-0 16. b3 d6 17. Bc3 d5 18. exd5 Nxd5 19. Rad1 c4 20. bxc4 Nf4 21. Qe3 Nxe2+ 22. Qxe2 Rc6 23. Rd4 Bf6 24. Rd3 Bxc3 25. Rxc3 Qc7 26. a3 Rc8 27. Rb1 h6 28. Rb4 Rc5 29. Qf3 Qe5 30. g3 a5 31. Rb7 Qe1+ 32. Kg2 Rf5 33. Qe3 Qxe3 34. Rxe3 Rxc4 35. c3 Rd5 36. Ra7 Ra4 37. Rc7 Rxa3 38. c4 Rxe3 39. cxd5 Re5 40. dxe6 Rxe6 41. Ra7 Re5 42. Kf3 g6 43. Ra6 Kg7 44. g4 h5 45. h3 hxg4+ 46. hxg4 Kf8 47. Ra7 Rb5 48. Kg2 Ke8 49. Kh2 Kf8 50. Kg2 Kg7 51. Ra6 Kh6 52. Rf6 Kg5 53. Rxf7 Kxg4 54. Rf3 g5 55. Ra3 Kf5 56. Ra4 Ke5 57. Kg3 Kd6 58. f4 gxf4+ 59. Rxf4 Kc5 60. Kf3 Rb4 61. Rf5+ Kb6 62. Ke3 Rc4 63. Kd3 Rc8 64. Rf6+ Kb5 65. Rf5+ Kb4 66. Rf7 a4 67. Rb7+ Ka3 1/2-1/2

[Event "Rybinsk Yaroslavia op"]
[Site "Rybinsk"]
[Date "2008.06.21"]
[Round "9.14"]
[White "Bochkov, Artem"]
[Black "Gevondyn, Karen"]
[Result "1-0"]
[WhiteElo "2002"]
[BlackElo "1676"]
[PlyCount "89"]
[EventDate "2008.06.15"]
[EventType "swiss"]
[EventRounds "9"]
[EventCountry "RUS"]
[SourceTitle "EXT 2022"]
[Source "ChessBase"]
[SourceDate "2021.10.06"]
[SourceVersion "1"]
[SourceVersionDate "2021.10.06"]
[SourceQuality "1"]

1. e4 e5 2. Nf3 Nc6 3. Bb5 a6 4. Ba4 Nf6 5. 0-0 b5 6. Bb3 Be7 7. Re1 d6 8. c3 Bg4 9. h3 Bh5 10. d4 exd4 11. cxd4 Bxf3 12. gxf3 0-0 13. f4 Na5 14. Bc2 c5 15. d5 Qd7 16. Kh2 Nc4 17. Rg1 Rfe8 18. b3 Nxe4 19. Bxe4 Bf6 20. Qc2 Bxa1 21. bxc4 g6 22. Nd2 Bd4 23. Bf5 Qe7 24. Nf3 Qe2 25. Nxd4 cxd4 26. cxb5 axb5 27. Qxe2 Rxe2 28. a3 Rxf2+ 29. Kg3 Ra2 30. Bb1 R2xa3+ 31. Bxa3 Rxa3+ 32. Kg4 f5+ 33. Kh4 Rf3 34. Bxf5 Rxf4+ 35. Bg4 d3 36. Kg5 Rd4 37. Kf6 b4 38. Ke6 d2 39. Kxd6 b3 40. Rb1 b2 41. Kc5 Re4 42. Bd1 Re1 43. Kc6 Kf8 44. d6 Re6 45. Rxb2 1-0